<?xml version="1.0" encoding="UTF-8"?>
<collection xmlns:xsi="http://www.w3.org/2001/XMLSchema-instance" xsi:schemaLocation="http://www.loc.gov/MARC21/slim http://www.loc.gov/standards/marcxml/schema/MARC21slim.xsd" xmlns="http://www.loc.gov/MARC21/slim">
 <record>
  <leader>00000cam a22000004i 4500</leader>
  <controlfield tag="001">UP-1685594773861312357</controlfield>
  <controlfield tag="003">Buklod</controlfield>
  <controlfield tag="005">20070906151030.0</controlfield>
  <controlfield tag="006">i|||||||||||||| | </controlfield>
  <controlfield tag="007">ta</controlfield>
  <controlfield tag="008">040424s1979    xx af   rb   |001 0|eng d</controlfield>
  <datafield tag="020" ind1=" " ind2=" ">
   <subfield code="a">9715502326 (pbk.)</subfield>
  </datafield>
  <datafield tag="035" ind1=" " ind2=" ">
   <subfield code="a">(iLib)UPBAG-00000016742</subfield>
  </datafield>
  <datafield tag="037" ind1=" " ind2=" ">
   <subfield code="a">BC-15849</subfield>
   <subfield code="c">Php89.00</subfield>
  </datafield>
  <datafield tag="037" ind1=" " ind2=" ">
   <subfield code="a">BC-45998</subfield>
   <subfield code="c">Php89.00</subfield>
  </datafield>
  <datafield tag="037" ind1=" " ind2=" ">
   <subfield code="a">BG-7434</subfield>
   <subfield code="c">Php345.00</subfield>
  </datafield>
  <datafield tag="040" ind1=" " ind2=" ">
   <subfield code="a">DLC</subfield>
   <subfield code="c">DLC</subfield>
   <subfield code="d">DLC</subfield>
   <subfield code="d">BAG</subfield>
   <subfield code="e">rda</subfield>
  </datafield>
  <datafield tag="041" ind1="0" ind2=" ">
   <subfield code="a">eng</subfield>
  </datafield>
  <datafield tag="050" ind1="0" ind2="0">
   <subfield code="a">DS674</subfield>
   <subfield code="b">I35 1979</subfield>
  </datafield>
  <datafield tag="090" ind1=" " ind2="0">
   <subfield code="a">DS 674</subfield>
   <subfield code="b">I43</subfield>
  </datafield>
  <datafield tag="100" ind1="1" ind2=" ">
   <subfield code="a">Ileto, Reynaldo Clemeña</subfield>
   <subfield code="d">1946-</subfield>
   <subfield code="e">author.</subfield>
  </datafield>
  <datafield tag="245" ind1="1" ind2="0">
   <subfield code="a">Pasyon and revolution</subfield>
   <subfield code="b">popular movements in the Philippines, 1840-1910</subfield>
   <subfield code="c">Reynaldo Clemena Ileto.</subfield>
  </datafield>
  <datafield tag="264" ind1=" " ind2="1">
   <subfield code="a">Quezon City</subfield>
   <subfield code="b">Ateneo de Manila University Press</subfield>
   <subfield code="c">1979.</subfield>
  </datafield>
  <datafield tag="300" ind1=" " ind2=" ">
   <subfield code="a">344 pages, [2] leaves of plates</subfield>
   <subfield code="b">illustrations, maps</subfield>
   <subfield code="c">23 cm</subfield>
  </datafield>
  <datafield tag="504" ind1=" " ind2=" ">
   <subfield code="a">Includes bibliographical references (pages 332-340) and index.</subfield>
  </datafield>
  <datafield tag="505" ind1="0" ind2=" ">
   <subfield code="a">Chapter 1: Toward a history from below -- The revolt of the masses -- Understanding Phillipine society -- The pasyon and the masses -- Power and anting-anting -- Chapter 2: Light and brotherhood -- Cofradia rituals and prayers -- Apolinario's teaching -- a tagalog christ -- The Aritao commune -- The new Jerusalem -- Chapter 3: Tradition and revolt: the Katipunan -- Katipunan manifestos -- Initiation rites -- Return of King Bernardo Carpio -- Lakaran of the sons -- Chapter 4: The republic and the spirit of 1896 -- Challenges to Malolos -- Recoviring the past -- Poetry and revolution -- Chapter 5: The path to Kalayaan, 1901-1910 -- Persistence of the Kalayaan ideal -- Sakay's Katipunan -- Kalayaan as religion -- Betrayal and Sakay's death -- Idiom of protest in the New Era -- Chapter 6: The pasyon of Felipe salvador -- Salvador,s early career -- Social conflict in the republic -- Santa Iglesia struggle, 1899-1906 -- Meaning and autobiograpy -- The people,s rising of 1910 -- Passion, death and ...</subfield>
  </datafield>
  <datafield tag="651" ind1=" " ind2="0">
   <subfield code="a">Philippines</subfield>
   <subfield code="x">History</subfield>
   <subfield code="y">Revolution, 1840-1910.</subfield>
  </datafield>
  <datafield tag="905" ind1=" " ind2=" ">
   <subfield code="a">FI</subfield>
  </datafield>
  <datafield tag="852" ind1="0" ind2=" ">
   <subfield code="a">UPBAG</subfield>
   <subfield code="b">UPBAG-MAIN</subfield>
   <subfield code="h">DS 674 I43</subfield>
  </datafield>
  <datafield tag="942" ind1=" " ind2=" ">
   <subfield code="a">Book</subfield>
  </datafield>
 </record>
</collection>
